| 000 | 00499nam a22001577a 4500 | ||
|---|---|---|---|
| 003 | OSt | ||
| 005 | 20250620062954.0 | ||
| 008 | 250620b |||||||| |||| 00| 0 eng d | ||
| 020 | _a978-621-427-019-4 | ||
| 040 |
_aDWCL - Main lib _cOC |
||
| 082 | _aFil. 658.85 S487p 2018 | ||
| 245 | _aProfessional selling/ | ||
| 260 |
_aIntramuros, Manila : _b Unlimited books library services & publishing inc. _c c2018. |
||
| 300 |
_a x , 269 pages : _billustrations ; _c 25cm. |
||
| 942 |
_2ddc _cBK - FIL _kFil. _n0 |
||
| 999 |
_c3201 _d3201 |
||